[Event "BIH-chT 29th"]
[Site "Bihac"]
[Date "2022.08.27"]
[Round "8.5"]
[White "Ramic, Mirnes"]
[Black "Babic, Milana"]
[Result "1-0"]
[WhiteElo "2048"]
[BlackElo "1939"]
[PlyCount "77"]
[EventDate "2022.08.23"]
[EventType "tourn"]
[EventRounds "9"]
[EventCountry "BIH"]
[SourceTitle "CBM 210 Extra"]
[Source "ChessBase"]
[SourceDate "2022.11.30"]
[SourceVersion "1"]
[SourceVersionDate "2022.11.30"]
[SourceQuality "1"]

1. e4 c6 2. d4 d5 3. exd5 cxd5 4. c3 Nc6 5. Bf4 Bf5 6. h4 h5 7. Bd3 Bxd3 8. Qxd3 e6 9. Nf3 Bd6 10. Bxd6 Qxd6 11. Nbd2 Nge7 12. 0-0-0 0-0-0 13. Nb3 Kb8 14. g3 f6 15. Rhe1 e5 16. dxe5 fxe5 17. Qe2 Ng6 18. Ng5 Qf6 19. Rd2 Ka8 20. Qb5 Nge7 21. Nc5 b6 22. Na6 Rc8 23. Kb1 Rhd8 24. Qe2 g6 25. a3 Na5 26. Rd3 e4 27. Rdd1 Nec6 28. f3 e3 29. Qxe3 Nc4 30. Qe6 Qf8 31. Rxd5 Rxd5 32. Qxd5 N4a5 33. Ne6 Qf6 34. Nd4 Rd8 35. Qe4 Rc8 36. Nb4 Nc4 37. Qd5 N4e5 38. f4 Rd8 39. fxe5 1-0

[Event "BIH-chT 29th"]
[Site "Bihac"]
[Date "2022.08.24"]
[Round "2.5"]
[White "Okicic, Nermin"]
[Black "Ramic, Mirnes"]
[Result "0-1"]
[WhiteElo "2203"]
[BlackElo "2048"]
[PlyCount "110"]
[EventDate "2022.08.23"]
[EventType "tourn"]
[EventRounds "9"]
[EventCountry "BIH"]
[SourceTitle "CBM 210 Extra"]
[Source "ChessBase"]
[SourceDate "2022.11.30"]
[SourceVersion "1"]
[SourceVersionDate "2022.11.30"]
[SourceQuality "1"]

1. d4 g6 2. c4 Bg7 3. Nc3 e5 4. Nf3 exd4 5. Nxd4 Nc6 6. e3 Nf6 7. Be2 d6 8. 0-0 0-0 9. b3 Re8 10. Bb2 Nxd4 11. exd4 d5 12. cxd5 Nxd5 13. Nxd5 Qxd5 14. Bf3 Qd6 15. Re1 Rxe1+ 16. Qxe1 c6 17. Qe8+ Qf8 18. Qxf8+ Kxf8 19. Ba3+ Kg8 20. Rd1 Be6 21. d5 cxd5 22. Bxd5 Rd8 23. Bf3 Rxd1+ 24. Bxd1 Bd5 25. Bc5 b6 26. Be3 Kf8 27. Be2 Ke7 28. Ba6 Kd6 29. Kf1 Be5 30. g3 Bf3 31. Bc4 f6 32. Bg8 h5 33. h4 Bd5 34. Bh7 Be4 35. Ke2 Bb1 36. Kd2 Ke6 37. Bg8+ Kf5 38. a4 Ke4 39. Bc4 Kf3 40. Be2+ Kg2 41. b4 Bc7 42. Bd3 Bxd3 43. Kxd3 Kf3 44. b5 f5 45. a5 f4 46. gxf4 Kg4 47. Ke4 Kxh4 48. f5 gxf5+ 49. Kxf5 Kh3 50. axb6 axb6 51. Kg5 h4 52. Kh5 Bd8 53. f4 Kg3 54. f5 h3 55. Bg1 Kg2 0-1

[Event "BIH-chT1A 28th"]
[Site "Mostar"]
[Date "2021.08.07"]
[Round "3.1"]
[White "Babic, Milana"]
[Black "Ramic, Mirnes"]
[Result "1/2-1/2"]
[WhiteElo "1856"]
[BlackElo "2070"]
[PlyCount "100"]
[EventDate "2021.08.06"]
[EventType "team-tourn"]
[EventRounds "9"]
[EventCountry "BIH"]
[SourceTitle "CBM 203 Extra"]
[Source "ChessBase"]
[SourceDate "2021.09.30"]
[SourceVersion "1"]
[SourceVersionDate "2021.09.30"]
[SourceQuality "1"]
[WhiteTeam "Gracanica"]
[BlackTeam "Zivinice"]
[WhiteTeamCountry "BIH"]
[BlackTeamCountry "BIH"]

1. Nf3 d6 2. d4 g6 3. b3 Bg7 4. Bb2 e6 5. g3 Ne7 6. Bg2 0-0 7. 0-0 Nd7 8. c4 h6 9. Nc3 c6 10. e4 g5 11. h3 Ng6 12. Ba3 Qa5 13. Bxd6 Qxc3 14. a3 Qa5 15. Bxf8 Ndxf8 16. b4 Qc7 17. Rc1 Bd7 18. Qb3 b6 19. Rfd1 Re8 20. Nh2 c5 21. dxc5 bxc5 22. bxc5 Qxc5 23. Qb4 Qc7 24. Rb1 Bc6 25. Nf1 Nd7 26. Ne3 Bf8 27. Qc3 Rc8 28. Rdc1 Bg7 29. Qc2 Nc5 30. Nf1 Bd4 31. Kh1 Ne5 32. Nh2 Ba4 33. Qe2 Ncd3 34. Rf1 Qxc4 35. Ng4 Nxg4 36. hxg4 Bc2 37. Rb7 Qc5 38. Qf3 f6 39. Kg1 Rf8 40. Qe2 e5 41. a4 Qc6 42. Rb5 Bxa4 43. Qa2+ Kh8 44. Qxa4 a6 45. Ra5 Qb6 46. Qa3 Bxf2+ 47. Kh1 Bc5 48. Rxa6 Qb5 49. Ra5 Qb6 50. Ra6 Qb5 1/2-1/2

[Event "BIH-chTA 27th"]
[Site "Lukavac"]
[Date "2020.11.01"]
[Round "4.2"]
[White "Ramic, Mirnes"]
[Black "Hutinovic, Halim"]
[Result "1/2-1/2"]
[WhiteElo "2083"]
[BlackElo "2033"]
[PlyCount "108"]
[EventDate "2020.10.30"]
[EventType "team-tourn"]
[EventRounds "9"]
[EventCountry "BIH"]
[SourceTitle "CBM 199 Extra"]
[Source "ChessBase"]
[SourceDate "2021.01.31"]
[SourceVersion "1"]
[SourceVersionDate "2021.01.31"]
[SourceQuality "1"]
[WhiteTeam "Zivinice"]
[BlackTeam "Cazin Ljiljan"]
[WhiteTeamCountry "BIH"]
[BlackTeamCountry "BIH"]

1. e4 c6 2. d4 d5 3. exd5 cxd5 4. c3 Nf6 5. Bf4 Nc6 6. Nf3 Qb6 7. Qb3 Qxb3 8. axb3 e6 9. b4 Be7 10. b5 Nd8 11. Nbd2 0-0 12. Bd3 Ne8 13. 0-0 Bd6 14. Bxd6 Nxd6 15. b3 Bd7 16. c4 Rc8 17. Rxa7 f6 18. Re1 g6 19. h3 Re8 20. g4 Kf7 21. g5 Re7 22. gxf6 Kxf6 23. Ne5 Be8 24. b6 dxc4 25. bxc4 Nc6 26. Nxc6 Bxc6 27. c5 Nf5 28. Ne4+ Bxe4 29. Rxe4 Rd8 30. Ra4 Red7 31. Bb5 Rd5 32. Bc4 Rxd4 33. Rxe6+ Kg5 34. c6 bxc6 35. Rxc6 Rd1+ 36. Kh2 R1d2 37. Ra2 Rxa2 38. Bxa2 Rd2 39. Bb3 Rxf2+ 40. Kg1 Rb2 41. Rc3 Nd6 42. Rd3 Nb7 43. Rd5+ Kf4 44. Rb5 Kg3 45. Kf1 Rf2+ 46. Ke1 Rf6 47. Bd5 Nd8 48. Rb3+ Kh4 49. b7 Nxb7 50. Bxb7 h5 51. Bc8 g5 52. Rb4+ Kg3 53. Ke2 Rf2+ 54. Ke1 Rf8 1/2-1/2

[Event "BIH-chT2"]
[Site "Bosna"]
[Date "2017.08.25"]
[Round "1.3"]
[White "Strinic, Halid"]
[Black "Ramic, Mirnes"]
[Result "1-0"]
[WhiteElo "2089"]
[BlackElo "2063"]
[PlyCount "179"]
[EventDate "2017.08.25"]
[EventType "team-tourn"]
[EventRounds "9"]
[EventCountry "BIH"]
[SourceTitle "EXT 2019"]
[Source "ChessBase"]
[SourceDate "2018.10.10"]
[SourceVersion "1"]
[SourceVersionDate "2018.10.10"]
[SourceQuality "1"]

1. e4 e5 2. Nf3 Nc6 3. Bb5 a6 4. Ba4 Nf6 5. d3 d6 6. h3 Be7 7. c4 0-0 8. Nc3 Nd7 9. Nd5 f5 10. b4 f4 11. Bb2 Nf6 12. a3 h6 13. Bc2 Be6 14. d4 exd4 15. Nxf4 Bxc4 16. Bb3 Bxb3 17. Qxb3+ Rf7 18. 0-0 Qe8 19. Rfe1 Nd7 20. Nd5 Rc8 21. Nxd4 Nxd4 22. Bxd4 c6 23. Ne3 c5 24. Bb2 b5 25. Nf5 Bf8 26. Qg3 Qe6 27. Rad1 Ne5 28. Bxe5 dxe5 29. Rc1 c4 30. Ne3 Be7 31. Nd5 Bg5 32. Rc2 Rcf8 33. Qg4 Qxg4 34. hxg4 Bd8 35. Ra1 Rb7 36. a4 Bb6 37. Ra3 Bd4 38. axb5 axb5 39. Kf1 Kf7 40. Ra6 Rc8 41. Ke2 Ra7 42. Rxa7+ Bxa7 43. Nc3 Rb8 44. Ra2 Bd4 45. Nd5 Rc8 46. Kd1 Ke6 47. f3 Kd7 48. Ra6 Rh8 49. Kc2 h5 50. gxh5 Rxh5 51. Rg6 Rh7 52. Nc3 Bxc3 53. Kxc3 Rh6 54. Rxg7+ Kc6 55. Rg5 Rd6 56. Rxe5 Rd3+ 57. Kc2 Rb3 58. f4 Rxb4 59. f5 Kd6 60. f6 Ra4 61. f7 Kxe5 62. f8Q Ra2+ 63. Kc3 Kxe4 64. Qf3+ Ke5 65. Qh5+ Kf4 66. Qxb5 Rxg2 67. Qxc4+ Kg3 68. Kd3 Rf2 69. Qg8+ Kf3 70. Qg5 Rf1 71. Qf5+ Kg2 72. Qg4+ Kh2 73. Ke2 Rg1 74. Qf4+ Kh3 75. Qh6+ Kg3 76. Qh5 Rg2+ 77. Ke3 Rg1 78. Qe2 Kh3 79. Kf4 Rg3 80. Kf5 Rg2 81. Qe5 Rf2+ 82. Kg5 Rg2+ 83. Kh5 Rf2 84. Qe3+ Kg2 85. Kg4 Kh1 86. Qc1+ Kg2 87. Qc6+ Kh2 88. Qe4 Rg2+ 89. Kf3 Rg3+ 90. Kf2 1-0

[Event "Bihac-chT1"]
[Site "Bihac"]
[Date "2014.08.25"]
[Round "4"]
[White "Ramic, Mirnes"]
[Black "Goric, Esad"]
[Result "1/2-1/2"]
[WhiteElo "2035"]
[BlackElo "2299"]
[PlyCount "88"]
[EventDate "2014.08.23"]
[EventType "swiss"]
[EventRounds "9"]
[EventCountry "BIH"]
[SourceTitle "EXT 2015"]
[Source "ChessBase"]
[SourceDate "2014.11.20"]
[SourceVersion "1"]
[SourceVersionDate "2014.11.20"]
[SourceQuality "1"]

1. e4 e6 2. d4 d5 3. exd5 exd5 4. Bd3 Nf6 5. Nf3 Bg4 6. 0-0 Be7 7. c3 0-0 8. Bg5 Nbd7 9. Nbd2 Re8 10. Re1 Nf8 11. Qb3 Rb8 12. Ne5 Be6 13. f4 c6 14. h3 Qb6 15. Re3 h6 16. Bh4 Rbd8 17. Rae1 Qxb3 18. Nxb3 N6h7 19. Bxe7 Rxe7 20. g4 Rc7 21. f5 Bc8 22. c4 Nf6 23. c5 Re8 24. Nd2 Rce7 25. Kf2 N6h7 26. h4 f6 27. Nef3 Rxe3 28. Rxe3 Rxe3 29. Kxe3 Nd7 30. b4 Kf7 31. Kf4 Nhf8 32. a4 Ke7 33. Nb3 Nb8 34. b5 Bd7 35. Ne1 Kd8 36. Nc2 Kc7 37. Nb4 Be8 38. Nc1 b6 39. bxc6 Bxc6 40. Bb5 Bb7 41. Nb3 Nfd7 42. g5 hxg5+ 43. hxg5 a6 44. Bxd7 Nxd7 1/2-1/2

[Event "Lukavac op 1st"]
[Site "Lukavac"]
[Date "2012.11.25"]
[Round "5"]
[White "Jevtic, Sreten"]
[Black "Ramic, Mirnes"]
[Result "1-0"]
[WhiteElo "2146"]
[BlackElo "1984"]
[PlyCount "53"]
[EventDate "2012.11.23"]
[EventType "swiss"]
[EventRounds "7"]
[EventCountry "BIH"]
[SourceTitle "CBM 151 Extra"]
[Source "ChessBase"]
[SourceDate "2012.12.18"]
[SourceVersion "1"]
[SourceVersionDate "2012.12.18"]
[SourceQuality "1"]

1. c4 Nf6 2. Nf3 g6 3. g3 Bg7 4. Bg2 d6 5. 0-0 0-0 6. Nc3 Nc6 7. Rb1 e5 8. d3 h6 9. b4 Ne8 10. Qc2 Be6 11. b5 Ne7 12. a4 Qd7 13. Rd1 Bh3 14. Bh1 f5 15. Ba3 c5 16. bxc6 bxc6 17. Rb3 f4 18. Rdb1 Qg4 19. Ne4 Nf5 20. Bb2 d5 21. cxd5 cxd5 22. Nxe5 Bxe5 23. Bf3 fxg3 24. Bxg4 gxf2+ 25. Nxf2 Ne3 26. Qc6 Rxf2 27. Bxh3 1-0

[Event "Lukavac op 1st"]
[Site "Lukavac"]
[Date "2012.11.24"]
[Round "2"]
[White "Ramic, Mirnes"]
[Black "Salkic, Fikret"]
[Result "1/2-1/2"]
[WhiteElo "1984"]
[BlackElo "2173"]
[PlyCount "84"]
[EventDate "2012.11.23"]
[EventType "swiss"]
[EventRounds "7"]
[EventCountry "BIH"]
[SourceTitle "CBM 151 Extra"]
[Source "ChessBase"]
[SourceDate "2012.12.18"]
[SourceVersion "1"]
[SourceVersionDate "2012.12.18"]
[SourceQuality "1"]

1. e4 c5 2. Nf3 d6 3. Nc3 a6 4. g3 Nc6 5. Bg2 g6 6. 0-0 Bg7 7. d3 Nf6 8. h3 0-0 9. Be3 Rb8 10. Qd2 Re8 11. Bh6 Bh8 12. Ng5 e6 13. Rae1 Nd4 14. Ne2 b5 15. Nxd4 cxd4 16. f4 e5 17. f5 Rb7 18. Rf2 b4 19. Ref1 a5 20. Bf3 Bg7 21. Bxg7 Kxg7 22. Bg4 Nxg4 23. hxg4 gxf5 24. exf5 f6 25. Ne6+ Bxe6 26. fxe6 Rxe6 27. Rh2 Kg8 28. Qg2 d5 29. Rh6 Rg7 30. g5 Rg6 31. Rxh7 Kxh7 32. Qh3+ Kg7 33. Qxe6 Rxg5 34. Kg2 Rg6 35. Rh1 Qc7 36. Kf1 e4 37. Qe8 Rh6 38. Rxh6 Kxh6 39. Qh8+ Kg6 40. Qg8+ Kh6 41. Qh8+ Kg6 42. Qg8+ Kh6 1/2-1/2

[Event "BIH-chT1"]
[Site "Tuzla"]
[Date "2010.07.18"]
[Round "1"]
[White "Ramic, Mirnes"]
[Black "Terzic, Ilijas"]
[Result "0-1"]
[WhiteElo "1925"]
[BlackElo "2225"]
[PlyCount "82"]
[EventDate "2010.07.18"]
[EventType "team-swiss"]
[EventRounds "9"]
[EventCountry "BIH"]
[SourceTitle "CBM 137 Extra"]
[Source "ChessBase"]
[SourceDate "2010.09.01"]
[SourceVersion "1"]
[SourceVersionDate "2010.09.01"]
[SourceQuality "1"]

1. e4 c5 2. Nf3 e6 3. Nc3 Nc6 4. g3 Nf6 5. Bg2 Be7 6. 0-0 d6 7. d3 0-0 8. h3 Rb8 9. a4 a6 10. Nh2 b5 11. axb5 axb5 12. Ne2 Bb7 13. f4 Nd4 14. c3 Nxe2+ 15. Qxe2 Ra8 16. Rb1 Qc7 17. g4 Nd7 18. g5 Rfe8 19. Be3 Bf8 20. Ng4 Bc6 21. Rf3 c4 22. Rg3 cxd3 23. Qxd3 Kh8 24. Kh1 Ra4 25. b3 Ra2 26. Rg1 Qb7 27. e5 dxe5 28. Nxe5 Nxe5 29. fxe5 Rxg2 30. R1xg2 Be4 31. Qd2 Qc7 32. Bd4 Rd8 33. Qe3 Qc6 34. Kh2 Bxg2 35. Rxg2 Qd5 36. b4 Bxb4 37. Bb6 Bxc3 38. Qxc3 b4 39. Qc7 Ra8 40. Qd6 Qe4 41. Bd8 Qf4+ 0-1